The Many Faces of Corruption (Record no. 2098)

MARC details
000 -LEADER
fixed length control field 00339nam a22001337a 4500
008 - FIXED-LENGTH DATA ELEMENTS--GENERAL INFORMATION
fixed length control field 250305b |||||||| |||| 00| 0 eng d
020 ## - INTERNATIONAL STANDARD BOOK NUMBER
ISBN 978082136726X
100 ## - MAIN ENTRY--AUTHOR
Author CAMPOS, Edgards J.
245 ## - TITLE STATEMENT
Title The Many Faces of Corruption
260 ## - PUBLICATION, DISTRIBUTION, ETC. (IMPRINT)
Place of publication Washington D.C
Name of publisher World Bank
Date of publication 2007
300 ## - COLLATION
Pagination xxxi, 447p.
942 ## - ADDED ENTRY ELEMENTS (KOHA)
Item type Books
050 ## - LIBRARY OF CONGRESS CALL NUMBER
Classification number HD75
Item number .M36
Holdings
Source of classification or shelving scheme Not for loan Permanent location Current location Date acquired Full call number Barcode. Koha item type
Library of Congress Classification   Samuel Ogbemudia Main Library, University of Abuja Samuel Ogbemudia Main Library, University of Abuja 03/05/2025 HD75.M36 2025-0284 Books